| 000 | 01145nam a2200337 c 4500 | ||
|---|---|---|---|
| 999 |
_c63662 _d63662 |
||
| 003 | BLK | ||
| 005 | 20200430104930.0 | ||
| 008 | 180408b bul|||||r ||||||| ||bul|| | ||
| 010 | _aKNG00067913000 | ||
| 020 | _a2-01-005416-4 | ||
| 040 | _aBLK | ||
| 041 |
_aFRE _cFRE |
||
| 080 |
_aФотография. Кинематография _b77 _x(035) _z77(035) |
||
| 139 |
_aNuridsany, Claude et al. _bН 96 _fХ 94 С _gН 96 K |
||
| 245 | 1 | 0 |
_aPhotographier la nature _ctexte et photos Claude Nuridsany; texte et photos Marie Perennou. |
| 257 | _aFRA | ||
| 260 |
_bHachette _c1975 _fimpr. Gibert-Clarey |
||
| 300 |
_a157 с. _bс ил. _c28 см |
||
| 380 | _a7 | ||
| 500 | _aБиблиогр. с. 156. | ||
| 504 | _a156 | ||
| 650 | 4 |
_aФотография - наръчници и ръководства _9258492 |
|
| 653 | _aфотография | ||
| 700 | 1 |
_aNuridsany, Claude _etexte et photos _920048 |
|
| 700 | 1 |
_aPerennou, Marie _etexte et photos _920955 |
|
| 852 | _aЦб ІІ 13757 | ||
| 856 | 4 | _qpdf | |
| 856 | 4 | _qpdf | |
| 942 |
_cKNG _n0 _s1 |
||
| 944 |
_aCR _c24.08.2006 _kЛюдмила_Стоянова |
||
| 944 |
_aED _c03.08.2015 _kИрена_Линкова |
||
| 999 | _d63662 | ||